000 01197nam a2200289 i 4500
003 DO-SdBNP
005 20240305091921.0
006 a|||||r|||| 00| 0
007 ta
008 230529e2014 dr |||||r|||| 00| p spa d
040 _aDO-SdBNP
_bspa
_cBNPHU
_erda
082 4 _2RD861.44
_aM632g
_b22
100 1 _aMieses, Juan Carlos,
_d1947-
_925472
245 1 0 _aGaia :
_brapsodia en torno a un tema de Erik Lindegren /
_cJuan Carlos Mieses.
264 _aSanto Domingo :
_bUNPHU,
_c2014
300 _a61 páginas ;
_c20 cm.
336 _2rdaconten
_atexto
_btxt
337 _2rdamedia
_asin medición
_bn
338 _2rdacarreir
_avolumen
_bnc
505 _aEl lector.--
_tArioso.--
_tEl principito.--
_tAntes de tí.--
_tPlacidez de un aljibe.--
_tNo luna que ilumina.--
_tEs mi luna.--
_tCrece la noche.--
_tImprecisos.--
_tEl agua fluye.--
_tsoy el que mira hacia el pasado.--
_tBrillan las piedras bajo el sol.--
_tPero un lugar habrá.--
_tBajo un velo de cirros.
586 _aPremio Pedro Henríquez Ureña de Poesía 1991.
590 _aInventariado, 2023 / MF
650 _aLiteratura dominicana
650 _aPoesía dominicana
910 _aValidado. Control de calidad MFF
942 _2ddc
_cLBS1
999 _c53645
_d53645